TB. OF PEDIATRIC NURSING (Record no. 6843)

MARC details
000 -LEADER
fixed length control field 00325nam a2200133Ia 4500
008 - FIXED-LENGTH DATA ELEMENTS--GENERAL INFORMATION
fixed length control field 150301s2013 xx 000 0 und d
082 ## - DEWEY DECIMAL CLASSIFICATION NUMBER
Classification number 610.7362
Item number P13M
100 ## - MAIN ENTRY--PERSONAL NAME
Personal name MARLOW, DOROTHY R.
245 ## - TITLE STATEMENT
Title TB. OF PEDIATRIC NURSING
260 ## - PUBLICATION, DISTRIBUTION, ETC. (IMPRINT)
Name of publisher, distributor, etc. ELSEVER
Date of publication, distribution, etc. 2013
300 ## - PHYSICAL DESCRIPTION
Extent 1061
650 ## - SUBJECT ADDED ENTRY--TOPICAL TERM
Topical term or geographic name as entry element PEDIATRIC NURSING
942 ## - ADDED ENTRY ELEMENTS (KOHA)
Source of classification or shelving scheme Dewey Decimal Classification
Koha item type Books
Koha issues (borrowed), all copies 6
Holdings
Withdrawn status Lost status Source of classification or shelving scheme Damaged status Not for loan Collection code Home library Current library Shelving location Date acquired Source of acquisition Cost, normal purchase price SGTU Bill Number Total Checkouts Full call number Barcode Date last seen Date last checked out Bill Date Koha item type
    Dewey Decimal Classification     NURSING SGT Medical Library SGT Medical Library Text Book 02/07/2015 ABC DELHI 1445.00 SGTU 5533 1 610.7362 P13M FN2881 04/06/2024 17/05/2024 25/03/2015 Books
    Dewey Decimal Classification     NURSING SGT Medical Library SGT Medical Library Text Book 02/07/2015 ABC DELHI 1445.00 SGTU 5533 3 610.7362 P13M FN2882 03/03/2025 04/02/2025 25/03/2015 Books
    Dewey Decimal Classification     NURSING SGT Medical Library SGT Medical Library Text Book 02/07/2015 ABC DELHI 1445.00 SGTU 5533   610.7362 P13M FN2883 02/07/2015   25/03/2015 Books
    Dewey Decimal Classification     NURSING SGT Medical Library SGT Medical Library Text Book 02/07/2015 ABC DELHI 1445.00 SGTU 5533 1 610.7362 P13M FN2884 12/10/2022 28/09/2022 25/03/2015 Books
    Dewey Decimal Classification     NURSING SGT Medical Library SGT Medical Library Text Book 02/07/2015 ABC DELHI 1445.00 SGTU 5533 2 610.7362 P13M FN2885 13/08/2024 23/01/2023 25/03/2015 Books